| 000 | 00517nam a22001457a 4500 | ||
|---|---|---|---|
| 008 | 230523b |||||||| |||| 00| 0 eng d | ||
| 040 |
_aNational Science Library _cNational Science Library |
||
| 080 |
_aR 017.11:05 _bM6.21 |
||
| 245 |
_aEBIS register of serials 1986 _c/ Economic and Social Commission for Asia and the Pacific |
||
| 260 |
_aBangkok: _bEconomic and Social Commission for Asia and the Pacific, _c1986 |
||
| 300 | _a226p. | ||
| 650 | _aThailand-Bangkok | ||
| 653 | _aUnited Nations | ||
| 942 |
_2udc _cREF |
||
| 999 |
_c33480 _d33480 |
||